Spell the Marvel Hero #87 - Statistics

General Stats
  • This quiz has been taken 14 times
  • The average score is 5 of 6
Answer Stats
Picture Answer % Correct
Nick Fury
100%
Gambit
82%
Angel
73%
Armor
73%
Echo
73%
Lockheed
73%
No matching quizzes found
Score Distribution
Percent of People with Each Score
Percentile by Number Answered
Your Score History
You have not taken this quiz